000 00991nam a22003497a 4500
001 BR2010001720
003 BR-BrBNA
005 20230928103248.0
007 ta
008 230509b bl.||||| |||| 00| 0 por d
040 _aBR-BrBNA
_bpor
_cBiblioteca Nacional de Agricultura
041 _a(Por)
072 _aL02
_b5300
_b8954
_b3730
090 _ 5300 BR2010001720
100 1 _aAlmeida, E.C. de
110 1 _aUniversidade Federal de Lavras, MG (Brasil)
_0Tese (Doutorado)
245 1 _aNíveis de lisina e ractopamina em rações para suínos em terminação
260 3 _aLavras, MG (Brasil):
_c2008.
300 _a76 p.
500 _aSummaries (Eng, Por); Bibliography p. 49-61; 31 tables
650 _aSUÍNO
650 _aRAÇÃO
650 _aLISINA
650 _aADITIVO
650 _aSUPLEMENTO ALIMENTAR
650 _aTERMINAÇÃO
650 _aCARCAÇA
650 _aCARNE
650 _aQUALIDADE
909 _a202309
_bLucia
_c55
_dLucia Elande
942 _cBK
999 _c74342
_d74342